书目信息 |
| 题名: |
Urban and rural arbores in China = 中国城乡乔木
|
|
| 作者: | Peng , Zhenhua , (彭镇华) , author. | |
| 分册: | ||
| 出版信息: | Beijing China Forestry Publishing House. 2008.04 |
|
| 页数: | 409页 | |
| 开本: | 30cm | |
| 丛书名: | ||
| 单 册: | ||
| 中图分类: | S718.4 | |
| 科图分类: | ||
| 主题词: | 林业--基础科学 | |
| 电子资源: | ||
| ISBN: | 978-7-5038-5234-3 | |
| 000 | 00734nam0 2200217 45 | |
| 001 | 2037517776 | |
| 005 | 20201202102948.93 | |
| 010 | @a978-7-5038-5234-3@dRMB 128.00 | |
| 100 | @a20201202d2008 km y0chiy0120 ea | |
| 101 | 0 | @achi |
| 200 | 1 | @aUrban and rural arbores in China = 中国城乡乔木@AUrban and rural arbores in China=zhong guo cheng xiang qiao mu@fPeng, Zhenhua, ( 彭镇华 ) , author.@FPeng,Zhenhua,(peng zhen hua),author. |
| 210 | @aBeijing@cChina Forestry Publishing House.@d2008.04 | |
| 215 | @a409页@d30cm | |
| 606 | 0 | @a林业@x基础科学 |
| 690 | @aS718.4@v4 | |
| 701 | 0 | @aPeng |
| 701 | 0 | @aZhenhua |
| 701 | 0 | @a(彭镇华)@A(peng zhen hua) |
| 701 | 0 | @aauthor. |
| 801 | 0 | @aCN@bPFT@c20201202 |
| 905 | @a10447@dS718.4@eJ112 | |
| Urban and rural arbores in China = 中国城乡乔木/Peng, Zhenhua, ( 彭镇华 ) , author.-Beijing:China Forestry Publishing House.,2008.04 |
| 409页;30cm |
| ISBN 978-7-5038-5234-3:RMB 128.00 |
| ● |
| 相关链接 |
|
|
|
正题名:Urban and rural arbores in China = 中国
索取号:S718.4/J112
 
预约/预借
| 序号 | 登录号 | 条形码 | 馆藏地/架位号 | 状态 | 备注 |
| 1 | 1304003 | 213040038 | 自科库401/401自科库 68排7列2层/ [索取号:S718.4/J112] | 在馆 |